000 00412nam a22001217a 4500
999 _c10099
_d10099
003 OSt
008 201218b ||||| |||| 00| 0 eng d
245 _aIndian Journal of Science and Technology
250 _a2015(Jan Vol.8 No.1, Jan Vol.8 No.2, Feb Vol.8 No.3, Feb Vol.8 No.4)
260 _aChennai, Tamil Nadu
_bIndian Society for Education and Environment
650 _aInformation Technology
942 _2ddc
_cBV